000 00321nam a22001337a 4500
008 171025b xxu||||| |||| 00| 0 eng d
020 _a9781439078099
041 _aeng
080 _613 ED
_a311
100 _a52
101 _aMEN
245 _aFINANCIAL MANAGEMENT THEORY AND PRACTICE
_cBRIGHAM.E
942 _2udc
_cBK
999 _c35977
_d35977